1628 1236 1922 1342 1816 1098 1439 1097 1970 1430 1989 1638 1988 1196 1859 1118 1245 1715 1159 1685 1440 1221 1507 1521 1265 1017 1198 1271 1000 1889 1186 1345 1362 1599 1115 1498 1067 1436 1037 1051 1908 1556 1724 1291 1295 1584 1188 1915 1989 1072 1798 1661 1289 1439 1052 1630 1559 1065 1012 1007 1538 1791 1520 1276 1218 1613 1921 1881 1370 1537 1810 1382 1351 1652 1806 1672 1250 1069 1167 1279 1696 1401 1166 1825 1601 1959 1528 1779 1789 1242 1090 1938 1376 1112 1352 1929 1284 1664 1611 BCNSPRNW ULIB Ver.6.0+V

เปลี่ยนเป็นภาษาไทย

Change to English
 แสดงรายละเอียดบรรณานุกรม
  กลับหน้าหลัก

Brief Record : Get Marc (ISO 2709) : E-mail record : QR code < ปิดหน้าต่าง
LEADER : 00000nam 2200000uu 4500
001    13399129192
003     ULIB
008    260511s2566||||th 000 0 tha d
020 ^  ^a9786168012352
060 ^  ^aWY100.1^bส226ค
100 0  ^aสภาการพยาบาล.
245 1  ^aคู่มือการจัดการเรียนการสอนวิชาการรักษาโรคเบื้องต้นสำหรับหลักสูตรพยาบาลศาสตรบัณฑิต/^cสภาการพยาบาล.
250 ^  ^aพิมพ์ครั้งที่ 1.
260 ^  ^aนนทบุรี:^bบจก. สำนักพิมพ์สื่อตะวัน.,^c2566.
300 ^  ^a344หน้า:^bภาพประกอบ, ตาราง;^c29ซม.
505 0  ^a ^tสารบัญ :ความเป็นมา - - ^tการซักประวัติสุขภาพ - - ^tกลุ่มอาการในระบบหู คอ จมูก และตา - - ^tกลุ่มอาการในระบบทางเดินหายใจ - - ^tกลุ่มอาการในระบบหัวใจและหลอดเลือด และกลุ่มอาการทางโลหิตวิทยา - - ^tกลุ่มอาการในระบบทางเดินอาหาร - - ^tกลุ่มอาการในระบโครงร่างและกล้ามเนื้อ - - ^tกลุ่มอาการในระบบประสาท - - ^tกลุ่มอาการในระบบทางเดินปัสสาวะ - - ^tกลุ่มอาการในระบบสืบพันธุ์สตรี - - ^tกลุ่มอาการในระบบผิวหนัง - - ^tยาที่ใช้ในการรักษาโรคเบื้องต้น - - ^tการส่งต่อผู้ป่วย.
650 ^  ^aNursing Care.
650 ^  ^aการซักประวัติผู้ป่วย.
650 ^  ^aการพยาบาล.
650 ^  ^aการรักษาโรค.
650 ^  ^aการรักษาโรคเบื้องต้น.
999    ^aประนอม เกษจรัล
รายการนี้ยังไม่มีแท็ก
คุณยังไม่ได้ล็อกอิน คุณสามารถมีกิจกรรมร่วมกับเว็บไซต์ได้ แต่ต้องล็อกอินก่อน ::
  ล็อกอิน

รายการสื่อสารสนเทศ

ลำดับที่ ประเภท เลขเรียก/บาร์โค้ด สถานที่ สถานะ
1. Book การพยาบาล
หนังสือสำรอง
สถานะ=หนังสือสำรอง
WY100.1 ส226ค ฉ.1 
  Barcode: 012089
ห้องสมุดวิทยาเขตสวรรค์ประชารักษ์
►หนังสือทั่วไป
บนชั้น
2. Book การพยาบาล
Book การพยาบาล
WY100.1 ส226ค ฉ.2 
  Barcode: 012090
ห้องสมุดวิทยาเขตสวรรค์ประชารักษ์
►หนังสือทั่วไป
บนชั้น
3. Book การพยาบาล
Book การพยาบาล
WY100.1 ส226ค ฉ.3 
  Barcode: 012091
ห้องสมุดวิทยาเขตสวรรค์ประชารักษ์
►หนังสือทั่วไป
ถูกยืม กำหนดส่งวันที่ 31 กรกฎาคม 2569
  จอง
4. Book การพยาบาล
Book การพยาบาล
WY100.1 ส226ค ฉ.4 
  Barcode: 012092
ห้องสมุดวิทยาเขตสวรรค์ประชารักษ์
►หนังสือทั่วไป
ถูกยืม กำหนดส่งวันที่ 9 กรกฎาคม 2569
  จอง
5. Book การพยาบาล
Book การพยาบาล
WY100.1 ส226ค ฉ.5 
  Barcode: 012094
ห้องสมุดวิทยาเขตสวรรค์ประชารักษ์
►หนังสือทั่วไป
บนชั้น

รายการใกล้เคียง
    ผู้แต่ง [สภาการพยาบาล.]

    หัวเรื่อง [Nursing Care.]
    หัวเรื่อง [การซักประวัติผู้ป่วย.]
    หัวเรื่อง [การพยาบาล.]
    หัวเรื่อง [การรักษาโรค.]
    หัวเรื่อง [การรักษาโรคเบื้องต้น.]

BibComment


ยังไม่เคยถูกคอมเมนท์

คอมเมนท์ทรัพยากรรายการนี้
  คอมเมนท์: คู่มือการจัดการเ..


 Copyright 2026. Bcnsprnw @Library